| 000 | 00836nam a2200241 a 4500 | ||
|---|---|---|---|
| 001 | 000038914 | ||
| 005 | 20201002031422.0 | ||
| 008 | 130503s1995 dr 001 0 spa d | ||
| 040 |
_aDO-SdBNP _bspa _cBNPHU |
||
| 082 |
_a101 _bM863f |
||
| 100 | 1 |
_aMorla, Rafael, _d1957- _91348 |
|
| 245 | 1 | 0 |
_aFilosofía para iniciados / _cRafael Morla. |
| 260 |
_aSanto Domingo : _bSipani Sistemas, _c1995. |
||
| 300 |
_a187 p. ; _c21 cm. |
||
| 490 | 1 | _aSerie nuevo horizonte | |
| 500 | _aIncluye datos biográficos del autor en la contracubierta. | ||
| 504 | _aBibliografía : p. 187 | ||
| 504 | _aIncluye bibliografía y notas al final de capítulos | ||
| 590 | _aInventariado, 2018 /LP | ||
| 650 | 4 |
_aFilosofía _xEnsayos, conferencias, etc. _933791 |
|
| 830 | 0 |
_aSerie nuevo horizonte _965179 |
|
| 910 | _aValidado. Control de la calidad EMS | ||
| 999 |
_c38404 _d38404 |
||